|
|
|
|
| LEADER |
00732nam a2200193 a 4500 |
| 001 |
GR-MES5381 |
| 008 |
991111s1984 enk 000 b eng d |
| 020 |
|
|
|a 0140143173
|
| 040 |
|
|
|a GrPaTEI
|b gre
|c GR-PaULI
|
| 245 |
0 |
0 |
|a Models in political economy :
|b A quide to the arguments.
|
| 260 |
|
|
|a London :
|b Penguin,
|c 1984
|
| 300 |
|
|
|a 281σελ.
|
| 650 |
|
4 |
|a Οικονομία
|
| 650 |
|
4 |
|a Πολιτική οικονομία
|
| 700 |
1 |
|
|a Barratt-Brown, M.
|
| 942 |
|
|
|2 ddc
|
| 952 |
|
|
|0 0
|1 0
|2 ddc
|4 0
|6 330_010000000000000_BAR
|7 0
|9 275955
|a MSLG
|b MSLG
|c BSC
|d 2021-01-17
|e 24
|f 0
|g 0.00
|l 0
|o 330.01 BAR
|p 2420000014731
|r 2021-01-17 00:00:00
|t 1
|w 2021-01-17
|y BK15
|x 19991111 0 1
|x GrPaTEI
|
| 971 |
|
|
|a .b25838489
|b 15-04-20
|c 14-09-16
|
| 999 |
|
|
|c 159991
|d 159991
|